Names in Novel Titles Match II Quiz Stats

Quiz Updated Aug 31, 2015

Challenge
Share
Tweet
Score 0/20 Timer 05:00
0 Plays Today
% Correct
Tom
94.1%
Stuart
91.9%
Peter
91.4%
Ben
88.3%
Percy
65.5%
Ivan
65.1%
Scott
63.9%
Mildred
57.2%
Charlie
44.5%
Olive
34.9%
% Correct
Oscar
22.6%
Harry
22%
Molly
21.8%
Will
19.2%
Mary
16%
Edgar
15.8%
Maisie
14.2%
Tonio
12.4%
Henry
9.2%
Katharina
8.2%

You're not logged in!

Compare scores with friends on all Sporcle quizzes.
Sign Up with Email
OR
Log In

You Might Also Like...

Show Comments

Extras

Top Quizzes Today


Score Distribution

Your Account Isn't Verified!

In order to create a playlist on Sporcle, you need to verify the email address you used during registration. Go to your Sporcle Settings to finish the process.